000 00515nam a22001697a 4500
003 PILC
005 20160525144130.0
008 160525b xxu||||| |||| 00| 0 eng d
020 _a9781682853023
050 _aQA 76.9.A25
_b.C775 2016
100 _aCoon, Audrey.
245 _aHandbook of information security /
_cAudrey Coon.
260 _aNew York :
_bWillford Press,
_c2016.
300 _a269 pages :
_billustrations (some color) ;
_c29 cm.
500 _aIncludes bibliographical references.
942 _2lcc
_cBK
999 _c294986
_d294986